LEADER 01143nam--2200361---450- 001 990003671040203316 005 20120619092632.0 010 $a978-88-548-4719-4 035 $a000367104 035 $aUSA01000367104 035 $a(ALEPH)000367104USA01 035 $a000367104 100 $a20120619d2012----km-y0itay50------ba 101 0 $aita 102 $aIT 105 $a||||||||001yy 200 1 $aDalla Despedida alla Resistenza$eIl ritorno dei volontari antifascisti dalla guerra di Spagna e la loro partecipazione alla lotta di liberazione europea$fRamella Pietro 210 $aRoma$cAracne$d2012 215 $a254 p.$d24 cm 225 2 $aStoria contemporanea$v4 410 0$12001$aStoria contemporanea$v4 606 0 $aAntifascismo$2BNCF 676 $a335.6 700 1$aRAMELLA,$bPietro$0518303 801 0$aIT$bsalbc$gISBD 912 $a990003671040203316 951 $aX.3.B. 6553$b236717 L.M.$cX.3.B.$d00311778 959 $aBK 969 $aUMA 979 $aPASSARO$b90$c20120619$lUSA01$h0923 979 $aPASSARO$b90$c20120619$lUSA01$h0926 996 $aDalla Despedida alla Resistenza$91141310 997 $aUNISA LEADER 00883nam0 22002531i 450 001 UON00091998 005 20231205102515.347 100 $a20020107d1989 |0itac50 ba 101 $aeng 102 $aGB 105 $a|||| ||||| 200 1 $aAlcibiades$fWalter M. Ellis 210 $aLondon$cRoutledge$d1989. xx,141 p.$cill. ; 22 cm 606 $aALCIBIADE$3UONC028163$2FI 620 $aGB$dLondon$3UONL003044 686 $aB$cSTORIA GRECA$2A 700 1$aELLIS$bWalter M.$3UONV059254$0162956 712 $aRoutledge$3UONV248939$4650 801 $aIT$bSOL$c20240220$gRICA 899 $aSIBA - SISTEMA BIBLIOTECARIO DI ATENEO$2UONSI 912 $aUON00091998 950 $aSIBA - SISTEMA BIBLIOTECARIO DI ATENEO$dSI B MC 233 $eSI MC 13047 5 996 $aAlcibiades$9485975 997 $aUNIOR LEADER 02382nam 22006135u 450 001 9910157655703321 005 20211006145157.0 010 $a9783318035964 010 $a3318035963 035 $a(CKB)3780000000101839 035 $a(OCoLC)1046113170 035 $a(SZ-BaSKA)220975 035 $a(MiAaPQ)EBC31866204 035 $a(Au-PeEL)EBL31866204 035 $a(EXLCZ)993780000000101839 100 $a20211006d1986 uy 0 101 0 $aeng 135 $aurunu||||| 181 $ctxt$2rdacontent 182 $cc$2rdamedia 183 $acr$2rdacarrier 200 10$aNutrition and Neurobiology : $e23rd Symposium of the Group of European Nutritionists on Nutrition and Neurobiology, Bonn, May 1985 / $f editors, J.C. Somogyi, D. Hötzel 205 $a1st ed. 210 $aBasel : $cS. Karger, $d1986 215 $a1 online resource (VIII + 224 pages) : $c 80 figures, 53 tables 225 1 $aIssn Series 311 08$a9783805542463 311 08$a3805542461 327 $a978-3-8055-4246-3_Cover -- 978-3-8055-4246-3_00I -- 978-3-8055-4246-3_001 -- 978-3-8055-4246-3_027 -- 978-3-8055-4246-3_039 -- 978-3-8055-4246-3_054 -- 978-3-8055-4246-3_072 -- 978-3-8055-4246-3_082 -- 978-3-8055-4246-3_087 -- 978-3-8055-4246-3_094 -- 978-3-8055-4246-3_104 -- 978-3-8055-4246-3_110 -- 978-3-8055-4246-3_112 -- 978-3-8055-4246-3_120 -- 978-3-8055-4246-3_136 -- 978-3-8055-4246-3_145 -- 978-3-8055-4246-3_149 -- 978-3-8055-4246-3_154 -- 978-3-8055-4246-3_168 -- 978-3-8055-4246-3_173 -- 978-3-8055-4246-3_182 -- 978-3-8055-4246-3_194 -- 978-3-8055-4246-3_206 -- 978-3-8055-4246-3_209 -- 978-3-8055-4246-3_219. 410 0$aIssn Series 606 $aNutrition 606 $aNeurobiology 606 $aNeurology 606 $aNeurosurgery 606 $aMetabolic Diseases 606 $aPsychology 615 14$aNutrition 615 14$aNeurobiology 615 14$aNeurology 615 14$aNeurosurgery 615 24$aMetabolic Diseases 615 24$aPsychology 676 $a613.2 s 676 $a612.8 700 $aSomogyi$b J.C 701 $aSomogyi$b J. C$g(Johann Carl)$01230448 701 $aHo?tzel$b D$g(Dieter)$01230961 712 02$aGroup of European Nutritionists. 801 0$bUKSKG 801 1$bUKSKG 906 $aBOOK 912 $a9910157655703321 996 $aNutrition and Neurobiology$92858878 997 $aUNINA